00320 2200133 4500001002100000005001500021035002000036245004700056100002100103300001100124260003100135082000800166990001200174INLIS00000000000223020250527015749 a0010-05250005221 aPemimpin Yang Gemblung /cTasirun Sulaiman0 aTasirun Sulaiman a82 hlm aJakarta :bErlangga,c2005 a813 a0712705